Statistics for City by River

Click here to take the quiz!

General Stats

  • This quiz has been taken 22 times
  • The average score is 4 of 8

Answer Stats

HintAnswer% Correct
NileCairo
100%
Moskva RiverMoscow
100%
ThamesLondon
95%
Potomac RiverWashington DC
73%
Chao PhrayaBangkok
32%
SaladoBuenos Aires
27%
YodoOsaka
14%
The VltavaPrauge
0%

Score Distribution

Percentile by Number Answered

Percent of People with Each Score

Your Score History

You have not taken this quiz